Estudio de caracterización socioeconómica, cultural e institucional de una ventana de paisaje rural ganadero en la Cuenca del Río Nima (Palmira Valle del Cauca) (Registro nro. 4799)

Detalles MARC
000 -CABECERA
Campo de control 01658nam a2200241 a 4500
005 - FECHA Y HORA DE LA ULTIMA TRANSACCION
Campo de control 20160601121708.0
008 - ELEMENTOS DE LONGITUD FIJA—INFORMACION GENERAL
Campo de control 140124b2005 ck ||||| |||| 00| 0 spa d
040 ## - FUENTE DE CATALOGACIÓN
Agencia transcriptora CO-BoIH
041 ## - IDIOMA
Código de idioma para texto/pista de sonido o título separado Español
044 ## - PAÍS DE PUBLICACIÓN
País de publicación Colombia
090 ## - CLASIFICACIÓN LOCAL
Colección IAVH
Consecutivo 00432
100 ## - ASIENTO PRINCIPAL--NOMBRE PERSONAL
Nombre personal Vargas Franco, Ana María
245 ## - MENCION DE TITULO
Título Estudio de caracterización socioeconómica, cultural e institucional de una ventana de paisaje rural ganadero en la Cuenca del Río Nima (Palmira Valle del Cauca)
Parte restante del título informe de revisión
260 ## - PUBLICACION, DISTRIBUCION, ETC. (PIE DE IMPRENTA)
Lugar de publicación, distribución, etc. Bogotá
Nombre del editor, distribuidor, etc. Instituto Alexander von Humboldt
Fecha de publicación, distribución, etc. 2005
300 ## - DESCRIPCION FISICA
Extensión 12 p.
520 ## - NOTA DE RESUMEN, ETC.
Nota de resumen Se presentan 1) comentarios al documento final, sobre: metodología, forma, análisis económico, institucional y de política, y generales. 2) Informe de revisión al documento dos: "Estudio de viabilidad social y económica de cercas vivas en Salento (Quindío)". Se hacen recomendaciones y sugerencias al documento uno: línea de base y metodología de la investigación. Al documento dos: análisis económico e institucional de instrumentos de política; evaluación financiera, económica y social; representaciones y manifestaciones sociales; factores facilitadores y obstaculizadores de HMP y registro fotográfico. Al anexo 1: caracterización físico-ambiental y socioeconómica de la CARQ, anexo 4: descripción de la técnica; anexo 8: Base datos sistemas productivos - subsistemas pecuarios - consumo de leña en dos predios de la CARQ
650 ## - ASIENTO SECUNDARIO DE MATERIA - TERMINO TEMATICO
Término temático o nombre geográfico como elemento de entrada Estudio de caracterización
650 ## - ASIENTO SECUNDARIO DE MATERIA - TERMINO TEMATICO
Término temático o nombre geográfico como elemento de entrada Ventana de paisaje rural
650 ## - ASIENTO SECUNDARIO DE MATERIA - TERMINO TEMATICO
Término temático o nombre geográfico como elemento de entrada Estudio de viabilidad
650 ## - ASIENTO SECUNDARIO DE MATERIA - TERMINO TEMATICO
Término temático o nombre geográfico como elemento de entrada Cerca viva
942 ## - ELEMENTOS ADICIONALES (KOHA)
Tipo de ítem Informe Técnico
Sistema de clasificación Local
945 ## - PROCESAMIENTO LOCAL
AAAA-MM-DD - Fecha de ingreso o modificacion 2005-11-11
Existencias
Withdrawn status Lost status Sistema de Clasificación Damaged status No para préstamo Colección Inventariado Ubicación Permanente Ubicación actual Fecha de adquisición Fuente de Valor Total Checkouts Número topográfico Inventario / Código de Barras Date last seen Ejemplar Price effective from Forma de adquisición Tipo de material
    Local     Humboldt Inventariado 2017 Bogotá Bogotá 11/11/2005 CID Humboldt   IAVH-00432 022226 09/08/2024 Ej. 1 04/12/2012   Informe Técnico